000 00491nam a2200169Ia 4500
999 _c23854
_d23854
003 OSt
005 20211118110158.0
008 190216s9999||||xx |||||||||||||| ||und||
040 _coclc
082 _a894.8121
_bPRE/N
100 _aPremnath
_98915
245 0 _aNammude Natanpattukalum Nadan Kalakalum /
_cPremnath
260 _bNational Book Stall,
_c1978.
_aKottayam:
300 _a87p
650 _aKavithkal
942 _cBK
_2ddc
_h894.8121
_iPRE/N
_k894.8121
_mPRE/N